00680nam a2200181 i 450000100060000000300090000600500170001500700030003200800410003510000510007624500650012726000350019230000330022765000670026085200320032799900170035995201220037656255ES-MaACL20250822063121.0t|031006s1967 sp ||||1| spa d1 aDíaz de Villegas, José, d1894-196894425313aLa División Azul en línea / cJosé Díaz de Villegas. aBarcelona : bAcervo, c[1967] a237 p., 16 lám. ; c20 cm.04aGuerra mundial, 1939-1945-xParticipación española.913251 aES-MaACLjC-50521 bR.65529 c56255d56255 00104070aATENEOMbATENEOMcDEPO2d2008-01-17eSCl0oC-50521p1059089r2023-02-23 00:00:00w2023-02-23yMONOGRAFIA